000 00870pam a2200265 a 4500
008
020 _a0821330098(pbk.)
049 _aMAIN
090 0 _aRA564.85
_bNEW
245 0 2 _aA new agenda for women's health and nutrition.
260 _aWashington, D.C. :
_bWorld Bank,
_cc1994.
300 _axiv, 96 p. :
_bill. ;
_c23 cm.
504 _aIncludes bibliographical references
650 0 _aWomen
_xHealth and hygiene
_zDeveloping countries.
650 0 _aWomen
_zDeveloping countries
_xNutrition.
650 0 _aWomen's health services
_zDeveloping countries.
650 2 2 _aDeveloping Countries.
710 2 _aWorld Bank.
830 0 _aDevelopment in practice (Washington, D.C.)
907 _a.b10290850
_b30-05-13
_c08-02-11
003
005 20230123125420.0
040 _cNUST
942 _cBOOKS
_kRA564.85
_mNEW
999 _c141127
_d141127